Legal advice /

Saved in:
Bibliographic Details
Main Author: Shavell, Steven, 1946-
Corporate Author: Harvard Law School. Program in Law and Economics.
Format: Book
Language:English
Published: Cambridge, MA : Harvard Law School, [1997]
Series:Discussion paper (John M. Olin Center for Law, Economics, and Business) ; no. 210.
Subjects:
Tags: Add Tag
No Tags, Be the first to tag this record!
LEADER 00948nam a22002897a 4500
001 007729796-2
005 20020606104010.5
008 980309s1997 mau b 000|0 eng d
035 0 |a ocm38077642 
040 |a MH-L  |c MH-L 
043 |a n-us--- 
050 1 4 |a KF209  |b .D57 no. 210 
100 1 |a Shavell, Steven,  |d 1946- 
245 1 0 |a Legal advice /  |c Steven Shavell. 
260 |a Cambridge, MA :  |b Harvard Law School,  |c [1997] 
300 |a 14 p. ;  |c 29 cm. 
490 1 |a Discussion paper,  |x 1045-6333 ;  |v no. 210 
500 |a "4/97." 
504 |a Includes bibliographical references (page 14). 
650 0 |a Attorney and client. 
653 0 |a Legal advice 
650 0 |a Practice of law  |z United States. 
650 0 |a Attorney and client  |z United States. 
710 2 |a Harvard Law School.  |b Program in Law and Economics. 
830 0 |a Discussion paper (John M. Olin Center for Law, Economics, and Business) ;  |v no. 210. 
988 |a 20020608 
906 |0 MH